[Event "Storsjodraget 2022"]
[Site "Ostersund"]
[Date "2022.06.10"]
[Round "2"]
[Board "6"]
[White "Kashwan, Hassan"]
[Black "Malmdin, Nils-Ake"]
[Result "1-0"]
[WhiteElo "1903"]
[BlackElo "2149"]
[PlyCount "0"]
[EventDate "2022.06.10"]
[EventRounds "7"]
[EventCountry "SWE"]

1. d4 {[%clk 00:15:05]} {[%emt 00:01:12]} Nf6 {[%clk 00:15:05]} {[%emt
00:00:08]} 2. Nf3 {[%clk 00:15:05]} {[%emt 00:00:24]} g6 {[%clk 00:14:54]}
{[%emt 00:02:14]} 3. Bf4 {[%clk 00:14:53]} {[%emt 00:00:21]} d6 {[%clk
00:14:52]} {[%emt 00:00:09]} 4. h3 {[%clk 00:14:50]} {[%emt 00:00:07]} Bg7
{[%clk 00:14:39]} {[%emt 00:00:16]} 5. Nbd2 {[%clk 00:14:10]} {[%emt 00:00:47]}
b6 {[%clk 00:13:58]} {[%emt 00:00:45]} 6. e3 {[%clk 00:13:15]} {[%emt
00:01:00]} Bb7 {[%clk 00:13:49]} {[%emt 00:00:14]} 7. Bc4 {[%clk 00:12:45]}
{[%emt 00:00:36]} e6 {[%clk 00:13:27]} {[%emt 00:00:26]} 8. Qe2 {[%clk
00:12:23]} {[%emt 00:00:27]} a6 {[%clk 00:13:25]} {[%emt 00:00:07]} 9. a4
{[%clk 00:12:26]} {[%emt 00:00:03]} O-O {[%clk 00:12:56]} {[%emt 00:00:32]} 10.
O-O {[%clk 00:12:17]} {[%emt 00:00:16]} Nbd7 {[%clk 00:12:04]} {[%emt
00:00:56]} 11. Rfd1 {[%clk 00:11:29]} {[%emt 00:00:53]} h6 {[%clk 00:11:59]}
{[%emt 00:00:09]} 12. c3 {[%clk 00:10:35]} {[%emt 00:01:01]} Qe7 {[%clk
00:11:40]} {[%emt 00:00:24]} 13. Nf1 {[%clk 00:10:13]} {[%emt 00:00:27]} Nh5
{[%clk 00:08:45]} {[%emt 00:02:58]} 14. Bh2 {[%clk 00:10:12]} {[%emt 00:00:07]}
Kh7 {[%clk 00:08:28]} {[%emt 00:00:20]} 15. Bd3 {[%clk 00:08:52]} {[%emt
00:01:27]} e5 {[%clk 00:08:09]} {[%emt 00:00:24]} 16. dxe5 {[%clk 00:08:45]}
{[%emt 00:00:13]} dxe5 {[%clk 00:08:10]} {[%emt 00:00:02]} 17. Bc2 {[%clk
00:08:28]} {[%emt 00:00:23]} e4 {[%clk 00:07:11]} {[%emt 00:01:03]} 18. Nd4
{[%clk 00:08:12]} {[%emt 00:00:22]} Ne5 {[%clk 00:06:47]} {[%emt 00:00:29]} 19.
Nb3 {[%clk 00:07:11]} {[%emt 00:01:07]} Rad8 {[%clk 00:06:21]} {[%emt
00:00:30]} 20. Rd2 {[%clk 00:06:52]} {[%emt 00:00:25]} f5 {[%clk 00:05:44]}
{[%emt 00:00:41]} 21. Rad1 {[%clk 00:06:48]} {[%emt 00:00:10]} Rxd2 {[%clk
00:04:20]} {[%emt 00:01:29]} 22. Nfxd2 {[%clk 00:06:25]} {[%emt 00:00:27]} Rd8
{[%clk 00:04:05]} {[%emt 00:00:20]} 23. Nd4 {[%clk 00:06:03]} {[%emt 00:00:28]}
c5 {[%clk 00:04:02]} {[%emt 00:00:07]} 24. Nxf5 {[%emt 00:00:19]} gxf5 {[%clk
00:03:32]} {[%emt 00:00:33]} 25. Qxh5 {[%clk 00:05:53]} {[%emt 00:00:04]} Bc8
{[%clk 00:03:12]} {[%emt 00:00:25]} 26. Bf4 {[%clk 00:04:51]} {[%emt 00:01:06]}
Nd3 {[%clk 00:03:03]} {[%emt 00:00:14]} 27. Bxd3 {[%clk 00:03:26]} {[%emt
00:01:31]} Rxd3 {[%clk 00:02:57]} {[%emt 00:00:11]} 28. Nc4 {[%clk 00:03:02]}
{[%emt 00:00:29]} b5 {[%clk 00:02:46]} {[%emt 00:00:16]} 29. axb5 {[%clk
00:02:16]} {[%emt 00:00:51]} axb5 {[%clk 00:02:49]} 30. Nd6 {[%clk 00:02:20]}
{[%emt 00:00:01]} b4 {[%clk 00:02:14]} {[%emt 00:00:41]} 31. cxb4 {[%clk
00:02:16]} {[%emt 00:00:09]} Rxd1+ {[%clk 00:02:09]} {[%emt 00:00:10]} 32. Qxd1
{[%clk 00:02:19]} {[%emt 00:00:01]} Qd7 {[%clk 00:02:08]} {[%emt 00:00:07]} 33.
bxc5 {[%clk 00:02:20]} {[%emt 00:00:03]} Ba6 {[%clk 00:02:07]} {[%emt
00:00:06]} 34. Qd5 {[%clk 00:02:13]} {[%emt 00:00:12]} Bxb2 {[%clk 00:02:06]}
{[%emt 00:00:06]} 35. Qxf5+ {[%clk 00:02:16]} {[%emt 00:00:03]} Qxf5 36. Nxf5
{[%clk 00:02:20]} Bb5 {[%clk 00:02:07]} {[%emt 00:00:07]} 37. Nxh6 {[%clk
00:02:16]} {[%emt 00:00:08]} Ba3 {[%clk 00:02:12]} {[%emt 00:00:02]} 38. Ng4
{[%clk 00:02:14]} {[%emt 00:00:07]} Bxc5 {[%clk 00:02:09]} {[%emt 00:00:08]} 39.
Nf6+ {[%clk 00:02:18]} Kg6 {[%clk 00:02:12]} {[%emt 00:00:01]} 40. Nxe4 {[%clk
00:02:22]} Bb6 {[%clk 00:02:15]} {[%emt 00:00:02]} 41. g4 {[%clk 00:02:07]}
{[%emt 00:00:20]} Bc6 {[%clk 00:02:18]} {[%emt 00:00:03]} 42. f3 {[%clk
00:02:04]} {[%emt 00:00:08]} Bb7 {[%clk 00:02:20]} {[%emt 00:00:03]} 43. Kf2
{[%clk 00:02:07]} {[%emt 00:00:02]} Bd8 {[%emt 00:00:05]} 44. Kg3 {[%clk
00:02:08]} {[%emt 00:00:02]} Bb6 {[%clk 00:02:18]} {[%emt 00:00:08]} 45. h4
{[%clk 00:02:12]} {[%emt 00:00:02]} Bd8 {[%clk 00:02:10]} {[%emt 00:00:12]} 46.
h5+ {[%clk 00:02:14]} {[%emt 00:00:03]} Kh7 {[%clk 00:02:08]} {[%emt 00:00:04]}
47. g5 {[%clk 00:02:13]} {[%emt 00:00:09]} Bc8 {[%clk 00:02:06]} {[%emt
00:00:08]} 48. Nd6 {[%clk 00:02:12]} {[%emt 00:00:05]} Be6 {[%clk 00:02:06]}
{[%emt 00:00:05]} 49. g6+ {[%clk 00:02:09]} {[%emt 00:00:08]} Kg7 {[%clk
00:01:59]} {[%emt 00:00:12]} 50. Ne4 {[%clk 00:02:07]} {[%emt 00:00:06]} Bf5
{[%clk 00:01:58]} {[%emt 00:00:07]} 51. Ng5 {[%clk 00:02:02]} {[%emt 00:00:10]}
Bf6 {[%clk 00:01:49]} {[%emt 00:00:13]} 52. e4 {[%clk 00:02:06]} {[%emt
00:00:02]} Bd7 {[%clk 00:01:51]} {[%emt 00:00:03]} 53. Nh3 {[%clk 00:01:59]}
{[%emt 00:00:12]} Be7 {[%clk 00:01:50]} {[%emt 00:00:06]} 54. Be5+ {[%clk
00:01:53]} {[%emt 00:00:11]} Kh6 {[%clk 00:01:52]} {[%emt 00:00:04]} 55. Nf4
{[%clk 00:01:55]} {[%emt 00:00:03]} Bf8 {[%clk 00:01:46]} {[%emt 00:00:10]} 56.
Bf6 {[%clk 00:01:55]} {[%emt 00:00:05]} Bc8 {[%clk 00:01:46]} {[%emt 00:00:05]}
57. g7 {[%clk 00:01:56]} {[%emt 00:00:04]} Bxg7 {[%clk 00:01:49]} {[%emt
00:00:01]} 58. Bxg7+ {[%clk 00:02:01]} Kxg7 {[%clk 00:01:52]} {[%emt 00:00:03]}
59. Kh4 {[%clk 00:02:05]} {[%emt 00:00:01]} Kh6 {[%clk 00:01:53]} {[%emt
00:00:05]} 60. Nd5 {[%clk 00:02:07]} {[%emt 00:00:03]} Ba6 {[%clk 00:01:51]}
{[%emt 00:00:06]} 61. Ne7 {[%clk 00:02:06]} {[%emt 00:00:06]} Be2 {[%clk
00:01:52]} {[%emt 00:00:04]} 62. Nf5+ {[%clk 00:02:07]} {[%emt 00:00:03]} Kh7
{[%clk 00:01:55]} {[%emt 00:00:03]} 63. Kg4 {[%clk 00:02:11]} {[%emt 00:00:02]}
Bd1 {[%clk 00:01:57]} {[%emt 00:00:02]} 64. Kf4 {[%clk 00:02:15]} {[%emt
00:00:02]} Be2 {[%clk 00:01:53]} {[%emt 00:00:08]} 65. e5 {[%clk 00:02:19]}
{[%emt 00:00:01]} Bc4 {[%clk 00:01:56]} {[%emt 00:00:02]} 66. Kg5 {[%clk
00:02:21]} {[%emt 00:00:03]} Bd5 {[%clk 00:01:58]} {[%emt 00:00:04]} 67. Kf6
{[%clk 00:02:24]} {[%emt 00:00:01]} Bxf3 {[%emt 00:00:11]} 68. h6 {[%clk
00:02:23]} {[%emt 00:00:05]} Bc6 {[%clk 00:01:17]} {[%emt 00:00:40]} 69. e6
{[%clk 00:02:25]} {[%emt 00:00:04]} Bf3 {[%clk 00:01:17]} {[%emt 00:00:05]} 70.
e7 {[%clk 00:02:27]} {[%emt 00:00:03]} Bh5 {[%clk 00:01:18]} {[%emt 00:00:03]}
71. Kg5 {[%clk 00:02:24]} {[%emt 00:00:10]} Be8 {[%clk 00:01:11]} {[%emt
00:00:11]} 72. Nd6 {[%clk 00:02:28]} Bd7 {[%clk 00:01:06]} {[%emt 00:00:11]} 73.
e8=Q {[%clk 00:02:22]} {[%emt 00:00:11]} Bxe8 {[%clk 00:01:09]} {[%emt
00:00:02]} 74. Nxe8 {[%clk 00:02:27]} Kg8 {[%clk 00:01:08]} {[%emt 00:00:05]}
75. Kg6 {[%clk 00:02:29]} {[%emt 00:00:03]} Kh8 {[%clk 00:01:09]} {[%emt
00:00:04]} 76. Nd6 {[%clk 00:02:32]} {[%emt 00:00:03]} Kg8 {[%clk 00:01:10]}
{[%emt 00:00:03]} 77. Nf7 {[%clk 00:02:35]} {[%emt 00:00:01]} Kf8 {[%clk
00:01:12]} {[%emt 00:00:03]} 78. h7 {[%clk 00:02:39]} {[%emt 00:00:02]}  1-0

[Event "Storsjodraget 2022"]
[Site "Ostersund"]
[Date "2022.06.10"]
[Round "3"]
[Board "12"]
[White "Johansson, Alexander"]
[Black "Palmblad, Jan Peter"]
[Result "1-0"]
[WhiteElo "1582"]
[BlackElo "1956"]
[PlyCount "0"]
[EventDate "2022.06.10"]
[EventRounds "7"]
[EventCountry "SWE"]

1. d4 {[%clk 00:15:08]} {[%emt 00:00:01]} d5 {[%clk 00:15:07]} {[%emt
00:00:02]} 2. Nf3 {[%clk 00:15:11]} {[%emt 00:00:03]} Nf6 {[%clk 00:15:05]}
{[%emt 00:00:07]} 3. c4 {[%clk 00:15:14]} {[%emt 00:00:02]} g6 {[%clk
00:15:06]} {[%emt 00:00:04]} 4. cxd5 {[%clk 00:14:54]} {[%emt 00:00:25]} Nxd5
{[%clk 00:15:08]} {[%emt 00:00:03]} 5. e4 {[%clk 00:14:55]} {[%emt 00:00:04]}
Nb6 {[%clk 00:15:11]} {[%emt 00:00:02]} 6. Nc3 {[%clk 00:14:25]} {[%emt
00:00:35]} Bg7 {[%clk 00:15:13]} {[%emt 00:00:03]} 7. a4 {[%clk 00:13:58]}
{[%emt 00:00:32]} Bg4 {[%clk 00:15:11]} {[%emt 00:00:07]} 8. Be3 {[%clk
00:13:52]} {[%emt 00:00:11]} O-O {[%clk 00:12:19]} {[%emt 00:02:57]} 9. Be2
{[%clk 00:12:33]} {[%emt 00:01:25]} Nc6 {[%clk 00:12:00]} {[%emt 00:00:24]} 10.
a5 {[%clk 00:10:52]} {[%emt 00:01:46]} Nc8 {[%clk 00:11:58]} {[%emt 00:00:06]}
11. d5 {[%clk 00:10:30]} {[%emt 00:00:27]} Nb8 {[%clk 00:11:08]} {[%emt
00:00:55]} 12. O-O {[%clk 00:10:04]} {[%emt 00:00:32]} c6 {[%clk 00:11:04]}
{[%emt 00:00:08]} 13. a6 {[%clk 00:08:09]} {[%emt 00:01:59]} b6 {[%clk
00:10:15]} {[%emt 00:00:55]} 14. h3 {[%clk 00:07:16]} {[%emt 00:00:59]} Bd7
{[%clk 00:09:48]} {[%emt 00:00:31]} 15. Bd4 {[%clk 00:06:47]} {[%emt 00:00:33]}
cxd5 {[%clk 00:09:14]} {[%emt 00:00:40]} 16. Bxg7 {[%clk 00:06:27]} {[%emt
00:00:25]} Kxg7 {[%clk 00:09:16]} {[%emt 00:00:02]} 17. Qd4+ {[%clk 00:06:00]}
{[%emt 00:00:33]} f6 {[%clk 00:09:18]} {[%emt 00:00:03]} 18. Qxd5 {[%clk
00:05:56]} {[%emt 00:00:09]} e6 {[%clk 00:05:30]} {[%emt 00:03:53]} 19. Qxa8
{[%clk 00:05:27]} {[%emt 00:00:34]} Ne7 {[%clk 00:03:59]} {[%emt 00:01:35]} 20.
Qxa7 {[%clk 00:04:17]} {[%emt 00:01:15]} Rf7 {[%clk 00:03:25]} {[%emt
00:00:40]} 21. Rfd1 {[%clk 00:03:41]} {[%emt 00:00:40]} Nec6 {[%clk 00:01:59]}
{[%emt 00:01:33]} 22. Qa8 {[%clk 00:02:41]} {[%emt 00:01:03]} Qc7 {[%clk
00:01:29]} {[%emt 00:00:37]} 23. a7 {[%clk 00:01:49]} {[%emt 00:00:56]} Rf8
{[%clk 00:01:26]} {[%emt 00:00:08]} 24. Nb5 {[%clk 00:01:35]} {[%emt 00:00:19]}
Qf4 {[%clk 00:01:20]} {[%emt 00:00:11]} 25. axb8=Q {[%clk 00:00:49]} {[%emt
00:00:27]} Nxb8 {[%clk 00:01:12]} {[%emt 00:00:39]} 26. Ra7 {[%clk 00:00:45]}
{[%emt 00:00:07]} Kg8 {[%clk 00:01:16]} {[%emt 00:00:01]} 27. Qb7 {[%clk
00:00:37]} {[%emt 00:00:12]} Rd8 {[%clk 00:01:08]} {[%emt 00:00:14]} 28. Ra8
{[%clk 00:00:34]} {[%emt 00:00:07]} Be8 {[%clk 00:00:06]} {[%emt 00:01:06]} 29.
Rxd8 {[%clk 00:00:26]} {[%emt 00:00:14]} Qc1+ {[%clk 00:00:09]} {[%emt
00:00:02]} 30. Bf1 {[%clk 00:00:17]} {[%emt 00:00:14]} Kf8 {[%clk 00:00:11]}
{[%emt 00:00:03]} 31. Nd6 {[%clk 00:00:15]} {[%emt 00:00:07]} Qc6 {[%clk
00:00:00]} {[%emt 00:00:10]} 32. Qf7# {[%emt 00:00:11]}  1-0

[Event "Storsjodraget 2022"]
[Site "Ostersund"]
[Date "2022.06.10"]
[Round "1"]
[Board "3"]
[White "Soderstrom, Adrian"]
[Black "Mozelius, Peter"]
[Result "1-0"]
[WhiteElo "2278"]
[BlackElo "1775"]
[PlyCount "0"]
[EventDate "2022.06.10"]
[EventRounds "7"]
[EventCountry "SWE"]

1. e4 {[%clk 00:15:06]} {[%emt 00:00:03]} g6 {[%clk 00:15:09]} {[%emt
00:00:02]} 2. d4 {[%clk 00:15:07]} {[%emt 00:00:05]} Bg7 {[%clk 00:15:12]}
{[%emt 00:00:02]} 3. c4 {[%clk 00:15:08]} {[%emt 00:00:04]} Nc6 {[%clk
00:15:14]} {[%emt 00:00:04]} 4. d5 {[%clk 00:15:07]} {[%emt 00:00:06]} Nd4
{[%clk 00:15:16]} {[%emt 00:00:02]} 5. Ne2 {[%clk 00:14:42]} {[%emt 00:00:29]}
c5 {[%clk 00:15:17]} {[%emt 00:00:05]} 6. Nxd4 {[%clk 00:13:02]} {[%emt
00:01:45]} Bxd4 {[%clk 00:15:19]} {[%emt 00:00:03]} 7. Nc3 {[%clk 00:12:51]}
{[%emt 00:00:16]} d6 {[%clk 00:15:11]} {[%emt 00:00:13]} 8. Bd3 {[%clk
00:12:45]} {[%emt 00:00:11]} a6 {[%clk 00:15:07]} {[%emt 00:00:09]} 9. O-O
{[%clk 00:12:45]} {[%emt 00:00:05]} Bg7 {[%clk 00:15:00]} {[%emt 00:00:12]} 10.
f4 {[%clk 00:12:34]} {[%emt 00:00:16]} Nf6 {[%clk 00:14:12]} {[%emt 00:00:53]}
11. e5 {[%clk 00:11:53]} {[%emt 00:00:45]} Ng4 {[%clk 00:13:06]} {[%emt
00:01:11]} 12. h3 {[%clk 00:11:24]} {[%emt 00:00:34]} Nh6 {[%clk 00:12:47]}
{[%emt 00:00:24]} 13. Qe1 {[%clk 00:08:55]} {[%emt 00:02:35]} O-O {[%clk
00:12:22]} {[%emt 00:00:30]} 14. g4 {[%clk 00:07:30]} {[%emt 00:01:30]} e6
{[%clk 00:10:44]} {[%emt 00:01:43]} 15. Qg3 {[%clk 00:05:27]} {[%emt 00:02:07]}
Qc7 {[%clk 00:08:47]} {[%emt 00:02:02]} 16. exd6 {[%clk 00:05:05]} {[%emt
00:00:28]} Qxd6 {[%clk 00:08:49]} {[%emt 00:00:03]} 17. Ne4 {[%clk 00:05:01]}
{[%emt 00:00:08]} Qc7 {[%clk 00:06:51]} {[%emt 00:02:04]} 18. d6 {[%clk
00:04:48]} {[%emt 00:00:18]} Qc6 {[%clk 00:06:53]} {[%emt 00:00:03]} 19. Qg2
{[%clk 00:04:36]} {[%emt 00:00:16]} Bd7 {[%clk 00:06:27]} {[%emt 00:00:32]} 20.
Be3 {[%clk 00:04:32]} {[%emt 00:00:08]} b6 {[%clk 00:05:41]} {[%emt 00:00:52]}
21. Rad1 {[%clk 00:04:31]} {[%emt 00:00:06]} Qc8 {[%clk 00:05:20]} {[%emt
00:00:25]} 22. Be2 {[%clk 00:03:22]} {[%emt 00:01:14]} Rb8 {[%clk 00:04:25]}
{[%emt 00:01:00]} 23. Bf3 {[%clk 00:03:22]} {[%emt 00:00:06]} f5 {[%clk
00:03:41]} {[%emt 00:00:50]} 24. Ng5 {[%clk 00:03:21]} {[%emt 00:00:05]} Nf7
{[%clk 00:03:38]} {[%emt 00:00:08]} 25. Nxf7 {[%clk 00:02:48]} {[%emt
00:00:38]} Rxf7 {[%clk 00:03:41]} {[%emt 00:00:02]} 26. b3 {[%clk 00:02:43]}
{[%emt 00:00:10]} Rf8 {[%clk 00:03:23]} {[%emt 00:00:23]} 27. Bc1 {[%clk
00:02:46]} {[%emt 00:00:02]} Bd4+ {[%clk 00:02:56]} {[%emt 00:00:32]} 28. Kh1
{[%clk 00:02:49]} {[%emt 00:00:02]} Qd8 {[%clk 00:02:35]} {[%emt 00:00:27]} 29.
Bb2 {[%clk 00:02:14]} {[%emt 00:00:39]} Qf6 {[%clk 00:02:12]} {[%emt 00:00:27]}
30. g5 {[%clk 00:02:17]} {[%emt 00:00:02]} Qg7 {[%clk 00:02:15]} {[%emt
00:00:02]} 31. Bxd4 {[%clk 00:02:20]} {[%emt 00:00:03]} cxd4 {[%clk 00:02:19]}
{[%emt 00:00:01]} 32. Qd2 {[%clk 00:02:07]} {[%emt 00:00:18]} e5 {[%clk
00:02:00]} {[%emt 00:00:24]} 33. Bd5+ {[%clk 00:02:10]} {[%emt 00:00:02]} Kh8
{[%clk 00:01:57]} {[%emt 00:00:08]} 34. fxe5 {[%clk 00:02:14]} Qxe5 {[%clk
00:01:56]} {[%emt 00:00:05]} 35. Qxd4 {[%clk 00:02:17]} {[%emt 00:00:03]} Qxd4
{[%clk 00:01:44]} {[%emt 00:00:17]} 36. Rxd4 {[%clk 00:02:20]} {[%emt
00:00:02]} Rfe8 {[%clk 00:01:42]} {[%emt 00:00:06]} 37. Rd2 {[%clk 00:02:24]}
{[%emt 00:00:02]} b5 {[%clk 00:01:36]} {[%emt 00:00:11]} 38. c5 {[%clk
00:02:28]} {[%emt 00:00:02]} Rbc8 {[%clk 00:01:24]} {[%emt 00:00:16]} 39. b4
{[%clk 00:02:31]} {[%emt 00:00:01]} Kg7 {[%clk 00:01:17]} {[%emt 00:00:12]} 40.
Kg2 {[%clk 00:02:35]} {[%emt 00:00:01]} Re3 {[%clk 00:01:05]} {[%emt 00:00:18]}
41. Rf3 {[%clk 00:02:22]} {[%emt 00:00:18]} Ree8 {[%clk 00:01:03]} {[%emt
00:00:06]} 42. Bb7 {[%clk 00:02:18]} {[%emt 00:00:09]} Rb8 {[%clk 00:00:38]}
{[%emt 00:00:31]} 43. c6 {[%clk 00:02:22]} Be6 {[%clk 00:00:33]} {[%emt
00:00:10]} 44. d7 {[%clk 00:02:26]} {[%emt 00:00:01]} Rf8 {[%clk 00:00:29]}
{[%emt 00:00:09]} 45. c7 {[%clk 00:02:26]} {[%emt 00:00:04]} Rxb7 {[%clk
00:00:16]} {[%emt 00:00:18]} 46. d8=Q {[%emt 00:01:08]}  1-0

[Event "Storsjodraget 2022"]
[Site "Ostersund"]
[Date "2022.06.10"]
[Round "2"]
[Board "7"]
[White "Sundin, Emanuel"]
[Black "Sian, Shadi"]
[Result "1-0"]
[WhiteElo "2138"]
[BlackElo "1935"]
[PlyCount "0"]
[EventDate "2022.06.10"]
[EventRounds "7"]
[EventCountry "SWE"]

1. e4 {[%clk 00:15:08]} c5 {[%clk 00:15:09]} {[%emt 00:00:03]} 2. Nc3 {[%clk
00:15:09]} {[%emt 00:00:03]} Nc6 {[%clk 00:15:10]} {[%emt 00:00:04]} 3. Bb5
{[%clk 00:15:12]} {[%emt 00:00:02]} e6 {[%clk 00:15:12]} {[%emt 00:00:03]} 4.
Bxc6 {[%clk 00:15:13]} {[%emt 00:00:04]} bxc6 {[%clk 00:15:15]} {[%emt
00:00:01]} 5. f4 {[%clk 00:15:16]} {[%emt 00:00:02]} d5 {[%clk 00:14:50]}
{[%emt 00:00:30]} 6. d3 {[%clk 00:15:19]} {[%emt 00:00:02]} Ba6 {[%clk
00:14:07]} {[%emt 00:00:49]} 7. b3 {[%clk 00:14:39]} {[%emt 00:00:45]} c4
{[%clk 00:13:36]} {[%emt 00:00:37]} 8. bxc4 dxc4 {[%clk 00:13:40]} 9. d4 {[%clk
00:14:28]} {[%emt 00:00:06]} Bb4 {[%clk 00:13:43]} {[%emt 00:00:02]} 10. Nge2
{[%clk 00:14:11]} {[%emt 00:00:21]} Nf6 {[%clk 00:13:21]} {[%emt 00:00:27]} 11.
O-O {[%clk 00:14:00]} {[%emt 00:00:16]} c5 {[%clk 00:13:08]} {[%emt 00:00:19]}
12. e5 {[%clk 00:10:11]} {[%emt 00:03:54]} Bxc3 {[%clk 00:11:21]} {[%emt
00:01:52]} 13. Nxc3 {[%clk 00:09:52]} {[%emt 00:00:24]} Qxd4+ {[%clk 00:11:24]}
{[%emt 00:00:02]} 14. Qxd4 {[%clk 00:09:42]} {[%emt 00:00:14]} cxd4 {[%clk
00:11:28]} 15. exf6 {[%clk 00:09:25]} {[%emt 00:00:23]} dxc3 {[%clk 00:11:32]}
{[%emt 00:00:01]} 16. f5 {[%clk 00:08:26]} {[%emt 00:01:05]} gxf6 {[%clk
00:09:18]} {[%emt 00:02:19]} 17. fxe6 {[%clk 00:08:11]} {[%emt 00:00:20]} fxe6
{[%clk 00:09:18]} {[%emt 00:00:05]} 18. Rxf6 {[%clk 00:08:01]} {[%emt
00:00:15]} O-O-O {[%clk 00:08:33]} {[%emt 00:00:50]} 19. Be3 {[%clk 00:07:10]}
{[%emt 00:00:55]} Rd6 {[%clk 00:07:17]} {[%emt 00:01:21]} 20. Bxa7 {[%clk
00:06:14]} {[%emt 00:01:02]} Bb7 {[%clk 00:06:21]} {[%emt 00:01:01]} 21. Be3
{[%clk 00:06:03]} {[%emt 00:00:15]} Rhd8 {[%clk 00:05:39]} {[%emt 00:00:48]} 22.
Kf2 {[%clk 00:05:36]} {[%emt 00:00:32]} e5 {[%clk 00:03:47]} {[%emt 00:01:57]}
23. Rf5 {[%clk 00:05:21]} {[%emt 00:00:20]} Re6 {[%clk 00:03:51]} 24. a4 {[%clk
00:05:10]} {[%emt 00:00:17]} Rd5 {[%clk 00:01:58]} {[%emt 00:01:58]} 25. Rf7
{[%clk 00:04:09]} {[%emt 00:01:06]} Rd7 {[%clk 00:01:13]} {[%emt 00:00:50]} 26.
Rf8+ {[%clk 00:03:51]} {[%emt 00:00:23]} Rd8 {[%clk 00:01:16]} {[%emt
00:00:01]} 27. Rxd8+ Kxd8 {[%clk 00:01:20]} 28. a5 {[%clk 00:03:03]} Rf6+
{[%clk 00:01:18]} {[%emt 00:00:07]} 29. Ke2 {[%clk 00:03:07]} {[%emt 00:00:02]}
Kd7 {[%clk 00:01:10]} {[%emt 00:00:13]} 30. g3 {[%clk 00:02:50]} {[%emt
00:00:22]} Bf3+ {[%clk 00:01:11]} {[%emt 00:00:04]} 31. Ke1 {[%clk 00:02:51]}
{[%emt 00:00:04]} Bg2 {[%clk 00:01:09]} {[%emt 00:00:07]} 32. Ra4 {[%clk
00:02:32]} {[%emt 00:00:24]} Rc6 {[%clk 00:00:46]} {[%emt 00:00:28]} 33. a6
{[%clk 00:02:28]} {[%emt 00:00:10]} Rc8 {[%clk 00:00:50]} 34. a7 {[%clk
00:02:30]} {[%emt 00:00:03]} Be4 {[%clk 00:00:22]} {[%emt 00:00:33]} 35. Ra3
{[%clk 00:01:53]} {[%emt 00:00:41]} Kc7 {[%clk 00:00:13]} {[%emt 00:00:13]} 36.
Rxc3 {[%clk 00:01:52]} {[%emt 00:00:07]} Kb7 {[%clk 00:00:11]} {[%emt
00:00:07]} 37. Kd2 {[%clk 00:01:39]} {[%emt 00:00:20]} Bd5 {[%clk 00:00:10]}
{[%emt 00:00:05]} 38. Ra3 {[%clk 00:01:31]} {[%emt 00:00:13]} Rd8 {[%clk
00:00:11]} {[%emt 00:00:03]} 39. Kc3 {[%clk 00:01:28]} {[%emt 00:00:08]} Rf8
{[%clk 00:00:13]} {[%emt 00:00:03]} 40. Kb4 {[%clk 00:01:14]} {[%emt 00:00:19]}
Rc8 {[%clk 00:00:08]} {[%emt 00:00:10]} 41. Ra5 {[%clk 00:01:12]} {[%emt
00:00:08]} Be4 {[%clk 00:00:12]} {[%emt 00:00:01]} 42. c3 {[%clk 00:01:06]}
{[%emt 00:00:11]} Bd3 {[%clk 00:00:08]} {[%emt 00:00:08]} 43. Rxe5 {[%clk
00:01:06]} {[%emt 00:00:06]} Ka8 {[%clk 00:00:10]} {[%emt 00:00:03]} 44. Rb5
{[%clk 00:00:54]} {[%emt 00:00:17]} Re8 {[%clk 00:00:12]} {[%emt 00:00:03]} 45.
Bd4 {[%clk 00:00:57]} {[%emt 00:00:03]} Rd8 {[%clk 00:00:10]} {[%emt 00:00:06]}
46. h4 {[%clk 00:00:45]} {[%emt 00:00:17]} Be2 {[%clk 00:00:08]} {[%emt
00:00:06]} 47. Re5 {[%clk 00:00:37]} {[%emt 00:00:14]} Bd3 {[%clk 00:00:09]}
{[%emt 00:00:03]} 48. Re7 {[%clk 00:00:38]} {[%emt 00:00:05]} Rc8 {[%clk
00:00:08]} {[%emt 00:00:06]} 49. g4 {[%clk 00:00:34]} {[%emt 00:00:09]} Bf1
{[%clk 00:00:08]} {[%emt 00:00:05]} 50. Rxh7 {[%clk 00:00:25]} {[%emt
00:00:14]} Bd3 {[%clk 00:00:09]} {[%emt 00:00:04]} 51. Re7 {[%clk 00:00:27]}
{[%emt 00:00:03]} Rg8 {[%clk 00:00:10]} {[%emt 00:00:04]} 52. g5 {[%clk
00:00:25]} {[%emt 00:00:06]} Rc8 {[%clk 00:00:12]} {[%emt 00:00:03]} 53. h5
{[%clk 00:00:28]} {[%emt 00:00:02]}  1-0